<?xml version="1.0" encoding="UTF-8"?><?xml-stylesheet type="text/xsl" href="static/style.xsl"?><OAI-PMH xmlns="http://www.openarchives.org/OAI/2.0/" xmlns:xsi="http://www.w3.org/2001/XMLSchema-instance" xsi:schemaLocation="http://www.openarchives.org/OAI/2.0/ http://www.openarchives.org/OAI/2.0/OAI-PMH.xsd"><responseDate>2026-04-29T04:52:20Z</responseDate><request verb="GetRecord" identifier="oai:repisalud.isciii.es:20.500.12105/10593" metadataPrefix="marc">https://repisalud.isciii.es/rest/oai/request</request><GetRecord><record><header><identifier>oai:repisalud.isciii.es:20.500.12105/10593</identifier><datestamp>2024-05-21T11:02:20Z</datestamp><setSpec>com_20.500.12105_2203</setSpec><setSpec>com_20.500.12105_2202</setSpec><setSpec>col_20.500.12105_19505</setSpec><setSpec>col_20.500.12105_19585</setSpec></header><metadata><record xmlns="http://www.loc.gov/MARC21/slim" xmlns:dcterms="http://purl.org/dc/terms/" xmlns:doc="http://www.lyncode.com/xoai" xmlns:xsi="http://www.w3.org/2001/XMLSchema-instance" xsi:schemaLocation="http://www.loc.gov/MARC21/slim http://www.loc.gov/standards/marcxml/schema/MARC21slim.xsd">
   <leader>00925njm 22002777a 4500</leader>
   <datafield ind2=" " ind1=" " tag="042">
      <subfield code="a">dc</subfield>
   </datafield>
   <datafield ind2=" " ind1=" " tag="720">
      <subfield code="a">Instituto de Salud Carlos III. Centro Nacional de Epidemiología</subfield>
      <subfield code="e">author</subfield>
   </datafield>
   <datafield ind2=" " ind1=" " tag="260">
      <subfield code="c">2014-03-16</subfield>
   </datafield>
   <datafield ind2=" " ind1=" " tag="520">
      <subfield code="a">En la semana 11/2014 persiste el descenso de la actividad gripal con una tasa de incidencia de
gripe de 20,89 casos por 100.000 habitantes, propia del periodo pre-epidémico.
Se observa una circulación predominante de virus A(H3) (82%) y una menor contribución de virus A
(H1N1)pdm09 (18%) entre las detecciones centinela de virus A; la tasa de detección viral en la semana 11/2014 disminuye a 23%.
La tasa de detección de VRS es del 7%, con un ligero aumento respecto la semana previa (5%).
Desde el inicio de la temporada 2013-2014 se han notificado 14 brotes de gripe en siete CCAA , en
residencias geriátricas, colegios y otras instituciones sanitarias. Siete de ellos por virus A(H3) y siete
por virus de la gripe A(H1N1)pdm09.
Desde la semana 40/2013 se han notificado 2.222 casos graves hospitalizados confirmados de
gripe en 17 CCAA, 99,4% por virus A (76% A(H1N1)pdm09 y 24% A(H3), entre los subtipados) y
0,6% por virus B. Entre los casos graves hospitalizados confirmados de gripe se han registrado 251
defunciones, 250 por virus A (65% por virus A(H1N1)pdm09, 14% por virus A(H3), 23% por virus A
no subtipado) y una por virus B.
En Europa, algunos países experimentan una disminución de la actividad gripal, mientras que en
otros persiste una elevada transmisión viral. Los virus A(H1)pdm09 y A(H3) co-circulan en la comunidad, mientras que entre los casos hospitalizados predomina el virus A(H1)pdm09. En América del
Norte disminuye la actividad gripal con predominio de virus A(H1N1)pdm09, aunque en algunas
regiones aumenta la circulación de virus B. En Asia la actividad gripal fluctúa con predominio de
virus A(H1N1)pdm09.</subfield>
   </datafield>
   <datafield ind1="8" ind2=" " tag="024">
      <subfield code="a">http://hdl.handle.net/20.500.12105/10593</subfield>
   </datafield>
   <datafield tag="653" ind2=" " ind1=" ">
      <subfield code="a">Gripe</subfield>
   </datafield>
   <datafield tag="653" ind2=" " ind1=" ">
      <subfield code="a">Vigilancia Epidemiológica</subfield>
   </datafield>
   <datafield ind2="0" ind1="0" tag="245">
      <subfield code="a">Informe semanal de Vigilancia de la Gripe en España Semana 11/2014 (10 - 16 de marzo de 2014) Nº 385. 20 de marzo de 2014</subfield>
   </datafield>
</record></metadata></record></GetRecord></OAI-PMH>